House inspector (Record no. 105406)

MARC details
000 -LEADER
fixed length control field 01283cam a2200241 4500
001 - CONTROL NUMBER
control field ##L133480
008 - FIXED-LENGTH DATA ELEMENTS--GENERAL INFORMATION
fixed length control field 060511n2005 000 0 eng u
020 ## - INTERNATIONAL STANDARD BOOK NUMBER
International Standard Book Number 0728204894
035 ## - SYSTEM CONTROL NUMBER
System control number (Sirsi) u133480
041 0# - LANGUAGE CODE
Language code of text/sound track or separate title eng
050 04 - LIBRARY OF CONGRESS CALL NUMBER
Classification number 690.2 $2 18
100 1# - MAIN ENTRY--PERSONAL NAME
Personal name Marshall, Duncan
245 00 - TITLE STATEMENT
Title House inspector
260 ## - PUBLICATION, DISTRIBUTION, ETC.
Place of publication, distribution, etc. London
Name of publisher, distributor, etc. EG Books
Date of publication, distribution, etc. 2005
300 ## - PHYSICAL DESCRIPTION
Extent v, 288p
Other physical details ill
Dimensions 18cm.
350 ## - PRICE (NR) (BK AM CF MU VM SE) [OBSOLETE]
Price 24
505 2# - FORMATTED CONTENTS NOTE
Formatted contents note Foundations -- External loadbearing walls -- Timber frame construction -- Ground floors -- Upper floors -- Roof structure -- Tiling and slating -- Chimney stacks -- Rendering -- Cracking -- Garden/boundary walls -- Finishes -- Windows -- Staircases -- Damp -- Electrical installations -- Plumbing and heating -- Drainage -- Rot and insect attack.
520 ## - SUMMARY, ETC.
Summary, etc. A concise but comprehensive guide to building defects and house inspection. Each chapter includes a brief history of building over the past century to help identify and understand specific construction details, illustrations and explanations of the most common building defects, and a checklist that can be used when carrying out a systematic and thorough inspection.
690 ## - LOCAL SUBJECT ADDED ENTRY--TOPICAL TERM (OCLC, RLIN)
Topical term or geographic name as entry element BUILT ENVIRONMENT-BUILDING INSPECTION-BUILDING SURVEYORS
700 1# - ADDED ENTRY--PERSONAL NAME
Personal name Dann, Nigel
942 ## - ADDED ENTRY ELEMENTS (KOHA)
Suppress in OPAC 0
Holdings
Withdrawn status Lost status Source of classification or shelving scheme Damaged status Not for loan Home library Current library Shelving location Date acquired Cost, normal purchase price Total Checkouts Full call number Barcode Date last seen Date last checked out Copy number Cost, replacement price Price effective from Koha item type
    Dewey Decimal Classification     London London Books 23/05/2006 24.00 26 690.2 MAR 30072987 06/08/2019 29/01/2010 1 24.00 06/08/2019 Book